Đời tư các vị hoàng đế
Đây là tập V trong bộ sách:"Chuyện các vị vua Trung Quốc". Nội dung viết về những vị hôn quân ngu muội, bạc nhược và lẩm cẩm, với những việc làm xằng bậy, quái đản dẫn đến sự diệt vong của một vương triều mà trước đó tổ...
Uloženo v:
| Hlavní autor: | |
|---|---|
| Médium: | Kniha |
| Jazyk: | Undetermined |
| Vydáno: |
Hà Nội
VHTT
1997
|
| Témata: | |
| Tagy: |
Přidat tag
Žádné tagy, Buďte první, kdo otaguje tento záznam!
|
| Thư viện lưu trữ: | Trung tâm Học liệu Trường Đại học Cần Thơ |
|---|
| LEADER | 00946nam a2200181Ia 4500 | ||
|---|---|---|---|
| 001 | CTU_25288 | ||
| 008 | 210402s9999 xx 000 0 und d | ||
| 082 | |a 951 | ||
| 082 | |b Qu121 | ||
| 100 | |a Trương Chí Quân | ||
| 245 | 0 | |a Đời tư các vị hoàng đế | |
| 245 | 0 | |c Trương Chí Quân; Dịch giả: Trần Đình Hiến | |
| 260 | |a Hà Nội | ||
| 260 | |b VHTT | ||
| 260 | |c 1997 | ||
| 520 | |a Đây là tập V trong bộ sách:"Chuyện các vị vua Trung Quốc". Nội dung viết về những vị hôn quân ngu muội, bạc nhược và lẩm cẩm, với những việc làm xằng bậy, quái đản dẫn đến sự diệt vong của một vương triều mà trước đó tổ tiên đã cống hiến nhiều cho lịch sử | ||
| 650 | |a china - history | ||
| 980 | |a Trung tâm Học liệu Trường Đại học Cần Thơ | ||